000 00572cam a2200217ua 4500
020 _a81 203 0765 8
_c275.00
041 _aeng
_h
082 _a547
_bMOR/OR
100 _aMorrison, Robert Thornten .
245 _aOrganic chemistry /
_cRobert thornten Morrison.
_hTextual Documents
250 _a6 /
_b.
260 _aNew Delhi :
_bPrentice Hall of India Pvt Ltd. ,
_c1996.
300 _a1313 ; .
365 _a275.00
500 _a*CSS
504 _a
700 1 _aBoyd, Robert Neilson .
942 _cBK
999 _c7263
_d7263